000 00837nam a2200241 i 4500
001 bg
245 0 0 _aWiek XX w źródłach :
_bwybór tekstów źródłowych z propozycjami metodycznymi dla nauczycieli historii, studentów i uczniów /
_coprac. Melania Sobańska-Bondaruk, Stanisław Bogusław Lenard.
260 _aWarszawa :
_bWydaw. Naukowe PWN,
_c1998.
300 _a430, [1] s. ;
_c24 cm.
504 _aBibliogr. s. 429-431.
650 9 _aHistoria
_y20 w.
651 9 _aPolska
_xhistoria
_y20 w.
655 _aŹródła historyczne
700 1 _aSOBAŃSKA-BONDARUK, Melania.
_eop
700 1 _aLENARD, Stanisław Bogusław.
_eop
020 _a8301127104
040 _cBPK
041 0 _apol
080 _a94+94(438).08]"20"(093)
920 _a83-01-12710-4
942 _cKS
008 s pl f |000 0 pol
999 _c33630
_d33630
856 _uhttp://koha.tu.koszalin.pl/cgi-bin/koha/opac-detail.pl?biblionumber=33630
_yKatalog online BPK